Представление документа в формате RUSMARC

ПолеНазваниеЗначение
  Тип записи a
  Библиографический уровень m
001 Контрольный номер RU/IS/BASE/525362655
005 Дата корректировки 20240209174644.7
010 Индекс ISBN __
a ISBN 978-5-7493-1775-6
b Уточнения в пер.
d Цена 80 р. 00 к.
9 Тираж 300 экз.
100 Данные общей обработки __
a Данные общей обработки 20160824d2016 ||| 0rusy0189 ca
101 Язык документа 0_
a Язык текста rus
102 Страна публикации __
a Страна публикации RU
105 Кодированные данные (монография) __
a Кодированные данные (монография) y###||||000|y
200 Заглавие и сведения об ответственности 1_
a Заглавие Каргонь Кинь ломанть
b Общее обозначение материала Текст
d Параллельное заглавие Люди Млечного Пути
e Сведения, относящиеся к заглавию драматическая сага
e Сведения, относящиеся к заглавию на морд.-эрзя яз.
f Первые сведения об ответственности В. С. Брыжинский
z Язык параллельного заглавия mdf
210 Выходные данные 1_
a Место издания Саранск
c Издательство Литературный фонд России
d Дата издания 2014
215 Физическое описание __
a Объем 775 с.
c Иллюстрации/тип воспроизводства ил.
d Формат 20,5 см.
300 Общие примечания __
a Общие примечания Ограничения по возрасту - 16+
606 Тематические рубрики 0_
a Основная рубрика Мордовская литература, 20-21 вв. - Проза
610 Ключевые слова 0_
a Ключевые слова литература мордовская
a Ключевые слова сага драматическая
a Ключевые слова жители сельские
a Ключевые слова семья
686 Индексы других классификаций __
a Классификационный индекс 84(2Рос=Морд)
2 Код системы ББК
700 Автор _0
a Фамилия Брыжинский
b Имя (инициалы) Василий Сергеевич
g Полное личное имя В. С.
801 Источник записи _0
a Страна RU
b Организация МБУК ЦБС
c Дата составления 20160824
g Правила каталогизации RCR
801 Источник записи _1
a Страна RU
b Организация МБУК ЦБС г. Ульяновска
c Дата составления 20160824
g Правила каталогизации RCR
899 Данные о местонахождении __
i Авторский знак Б 89
j Расстановочный фильтр Р6=Морд
901 Тип документа __
t Тип документа m
910 Корректоры записи __
a Корректор записи Тихонова